000 00260pab a2200109 454500
008 180718b xxu||||| |||| 00| 0 eng d
100 _aJha, Prem Shankar
245 _aEconomic reforms in India
650 _aEconomic Development
773 _aHindu
909 _a21694
999 _c21694
_d21694